|
|
|
|
| LEADER |
00000nas a2200000 a 4500 |
| 001 |
ssj0001563 |
| 003 |
WaSeSS |
| 005 |
20200512172242.0 |
| 006 |
m d |
| 007 |
cr n |
| 008 |
840427d19832002mnubr p s r 0 a0eng c |
| 010 |
|
|
|a 87645243
|z sn 84006603
|
| 016 |
7 |
|
|a 101086575
|2 DNLM
|
| 016 |
7 |
|
|a 011150952
|2 Uk
|
| 022 |
|
|
|l 8750-0256
|y 8750-0256
|
| 032 |
|
|
|a 000212
|b USPS
|
| 035 |
|
|
|a (WaSeSS)ssj0001563
|
| 037 |
|
|
|b The Utne Reader, P.O. Box 1974, Marion, OH 43305
|
| 040 |
|
|
|a MHS
|b eng
|c MHS
|d NSD
|d NST
|d NSD
|d DLC
|d NST
|d DLC
|d IUL
|d NST
|d COO
|d NSD
|d FUG
|d EYM
|d NST
|d IUL
|d NST
|d NYG
|d NST
|d HUL
|d DLC
|d IUL
|d SYS
|d TJC
|d HLS
|d NLM
|d CUS
|d OCLCQ
|d NSD
|d IUL
|d BOS
|d OCLCQ
|d CUS
|d OCLCQ
|d UKMGB
|d OCLCQ
|d OCLCF
|d WCM
|d GILDS
|d OCLCO
|d WaSeSS
|
| 042 |
|
|
|a pcc
|a nsdp
|
| 050 |
0 |
0 |
|a PN4784.U53
|b U88
|
| 050 |
1 |
4 |
|a AP2
|b .U86
|
| 082 |
0 |
0 |
|a 051
|2 19
|
| 210 |
0 |
|
|a Utne read.
|
| 222 |
|
4 |
|a The Utne reader
|
| 245 |
0 |
4 |
|a The Utne reader
|h [electronic resource].
|
| 260 |
|
|
|a [Minneapolis, MN] :
|b [Lens Pub. Co.],
|c [©1984-©2002]
|
| 310 |
|
|
|a Bimonthly,
|b summer 1984-
|
| 321 |
|
|
|a Monthly,
|b Feb. 1984-May 1984
|
| 362 |
0 |
|
|a Vol. 1, no. 1 (Feb. 1984)-no. 113 (Sept./Oct. 2002).
|
| 500 |
|
|
|a "The best of the alternative press."
|
| 500 |
|
|
|a Title from caption.
|
| 506 |
|
|
|a License restrictions may limit access.
|
| 515 |
|
|
|a Preceded by a "Prototype" issue dated 1983.
|
| 515 |
|
|
|a Issues for <May/June 1989>- lack volume numbers; issued with whole numbering (i.e. May/June 1989- called no. 33- ).
|
| 555 |
|
|
|a Subject index: issue 1 (1984)-36 (1989). 1 v.; issue 37 (1990)-66 (1994). 1 v.
|
| 650 |
|
0 |
|a Underground press publications
|v Periodicals.
|
| 650 |
|
0 |
|a Underground press publications
|v Directories.
|
| 650 |
|
7 |
|a Underground press publications.
|2 fast
|0 (OCoLC)fst01160984
|
| 655 |
|
0 |
|a Electronic journals.
|
| 776 |
0 |
8 |
|i Microform version:
|t Utne reader
|w (DLC)sn 92012282
|w (OCoLC)26569203
|
| 776 |
0 |
8 |
|i Microform version:
|t Utne reader
|x 8750-0256
|w (DLC)sn 95033296
|w (OCoLC)24097991
|
| 785 |
0 |
0 |
|t Utne
|x 1544-2225
|w (DLC) 2002236190
|w (OCoLC)50872987
|
| 850 |
|
|
|a CSf
|a CSt
|a CStclU
|a CU
|a CU-I
|a CU-Riv
|a CU-S
|a CU-SB
|a CoFS
|a CoU
|a DLC
|a DeU
|a FU
|a INS
|a IaAS
|a IaU
|a InLP
|a KPT
|a KU-S
|a MBU
|a MH
|a MiEM
|a MiU
|a MnU
|a MoU
|a MsU
|a N
|a NBuU
|a NIC
|a NN
|a NNC
|a NRU
|a NSyU
|a NcRS
|a NcU
|a NdU
|a NjP
|a NjR
|a OCU
|a OU
|a OrCS
|a OrU
|a PU
|a RPB
|a TxDaM
|a TxHR
|a ViBlbV
|a ViW
|a WM
|a WaU
|
| 853 |
2 |
0 |
|8 1
|a v.
|b no.
|i (year)
|j (month)
|w m
|
| 853 |
2 |
0 |
|8 2
|a no.
|i (year)
|j (season)
|w b
|
| 856 |
4 |
0 |
|z Full text available from Research Library: 05/01/2001 to 09/01/2002
|u https://search.proquest.com/publication/27049
|
| 863 |
4 |
1 |
|8 1.1
|a 1
|b 1
|i 1984
|j 02
|
| 863 |
4 |
1 |
|8 2.1
|a 5
|i 1984
|j 22
|